| 000 | 00856nam a22002297a 4500 | ||
|---|---|---|---|
| 003 | OSt | ||
| 005 | 20240209150839.0 | ||
| 008 | 230808b |||||||| |||| 00| 0 eng d | ||
| 020 | _a9788793379107 (hardback) | ||
| 040 |
_cNUST _dNUST _aNUST _beng _erda |
||
| 050 | _a QA 96.9. A25 BUC | ||
| 100 |
_eAuthor _aBuchanan, William J. OBE |
||
| 245 |
_aCryptography / _c William J. Buchanan OBE. |
||
| 260 |
_a Denmark : _bRiver Publishers, _c ©2017. |
||
| 300 |
_a xxi, 402 pages : _b illustrations ; _c 24 cm. |
||
| 336 |
_2rdacontent _atext _btxt |
||
| 337 |
_2rdamedia _aunmediated _bn |
||
| 338 |
_2rdamedia _avolume _bnc |
||
| 490 | _a River publishers series in security and digital forensics information science and technology | ||
| 504 | _a|a Includes bibliographical references and index. | ||
| 942 |
_2lcc _cBOOKS _h QA 76.9. A25 _kQA _mBUC _n0 |
||
| 999 |
_c170466 _d170466 |
||